000 00519nam a2200181Ia 4500
008 090124s9999 xx 000 0 und d
082 _b132167
100 _aसप्रे मधुवंती
245 _a स्त्रीजातक
250 _a1
260 _c2004
300 _a206
600 _aसप्रे मधुवंती
630 _a स्त्रीजातक
700 _aसप्रे मधुवंती
730 _a स्त्रीजातक
942 _cBOOK
999 _c178256
_d178256